000 00524nam a2200109Ia 4500
008 171212s9999 xx 000 0 und d
100 _aJackson, Brian A.;Greenfield, Victoria A.;Morral, Andrew R.;Hollywood, John S.
245 _cJackson, Brian A.;Greenfield, Victoria A.;Morral, Andrew R.;Hollywood, John S.
_aPolice Department Investments in Information Technology Systems
_bChallenges Assessing Their Payoff
260 _bRAND Corporation
_c2014
650 _aLaw
856 _uhttp://www.jstor.org/stable/10.7249/j.ctt14bs4bb
999 _c352410
_d352410